000 00955cab a2200241 4500
001 WB3027-32
008 090401t1994 xxu||||| |||| 00| 0 eng d
035 _a(Sirsi) u4418
041 _aeng
245 _aMethod of assessing fair rents
260 _c1994
350 _a0
490 _aTimes
_v13 July 1994, 34(1)
520 _a"Spath Holme Ltd v Greater Manchester and Lancashire Rent Assessment Committee" QBD 23 June 1994. On appeal under Tribunal and Inquiries Act 1971 s13, a rent assessment panel is free to use either registered rent comparators or assured tenancy comparators to carry out a fair rent assessment.
650 _aASSURED TENANCIES
650 _aFAIR RENTS
650 _aREGISTERED RENTS
650 _aRENT ASSESSMENTS
650 _aPROPERTY-RESIDENTIAL PROPERTY-RESIDENTIAL LANDLORD AND TENANT-RESIDENTIAL TENANCIES
690 _aLANDLORD AND TENANT-CASE LAW-RESIDENTIAL TENANCIES
942 _n0
948 _c04/03/1997
999 _c2656
_d2656